Economics for business (Record no. 2082)
[ view plain ]
| 000 -LEADER | |
|---|---|
| fixed length control field | 01399nam a22002057a 4500 |
| 020 ## - INTERNATIONAL STANDARD BOOK NUMBER | |
| ISBN | 0077114515 |
| 020 ## - INTERNATIONAL STANDARD BOOK NUMBER | |
| ISBN | 9780077114510 |
| 050 ## - CALL NUMBER | |
| Classification number | HB171.5 |
| Item number | .B41 |
| 100 ## - AUTHOR | |
| Personal name | David Begg, |
| 110 ## - AUTHOR | |
| CORPORATE AUTHOR | Damian Ward. |
| 245 ## - TITLE | |
| Title | Economics for business |
| Statement of responsibility, etc | David Begg, Damian Ward. |
| 250 ## - EDITION | |
| Edition statement | 2nd ed. |
| 260 ## - PUBLICATION INFORMATION | |
| Place of publication | London |
| Name of publisher | Maidenhead : McGraw-Hill Education |
| Year of publication | 2007. |
| 300 ## - DESCRIPTION | |
| Number of Pages | xix, 380 pages : |
| Other physical details | illustrations (chiefly color) ; |
| Dimensions | 26 cm |
| 500 ## - NOTES | |
| General note | Includes index.<br/>Answers to end - of- chapter questions |
| 505 ## - FORMATTED CONTENTS NOTE | |
| Table of Content | Section I: Introduction<br/>Chapter 1: Economics for Business<br/><br/>Section II: Understanding Markets<br/>Chapter 2: Consumers in the Market Place<br/>Chapter 3: Firms in the Market Place <br/>Chapter 4: Markets in Action <br/><br/><br/>Section III: Competition and Profitability<br/>Chapter 5: Market Structure and Firm Performance<br/>Chapter 6: Strategic Rivalry <br/>Chapter 7: Growth Strategy<br/>Chapter 8: Governing Business<br/><br/><br/>Section IV: Domestic and Macroeconomics<br/>Chapter 9: Introduction to the Macroeconomy<br/>Chapter 10: Measuring Macroeconomic Variables and Policy Issues<br/>Chapter 11: Economic Stability and Demand Side Policies<br/>Chapter 12: Supply Side Policies and Economic Growth <br/><br/>Section V: Global Economics<br/>Chapter 13: Exchange Rates and the Balance of Payments<br/>Chapter 14: Globalization. |
| 650 ## - SUBJECTS | |
| Topical Term | Managerial economics. |
| General subdivision | Macro-economie. |
| 650 ## - SUBJECTS | |
| Topical Term | Micro-economie |
| 942 ## - ADDED ENTRY ELEMENTS (KOHA) | |
| Koha item type | Books |
| Withdrawn status | Lost status | Home library | Current library | Shelving location | Date acquired | Full call number | Accession Number | Koha item type |
|---|---|---|---|---|---|---|---|---|
| Methodist University Library Tema | Methodist University Library Tema | Reference | 21/04/2015 | HB171.5 .B41 | 1306 | Books |